| 000 | 00614nam a2200193 i 4500 | ||
|---|---|---|---|
| 001 | 59330 | ||
| 003 | ES-MaACL | ||
| 005 | 20240502063039.0 | ||
| 007 | t| | ||
| 008 | 031028s1971 sp ||||1| spa d | ||
| 100 | 1 |
_aEliot, T. S., _d1888-1965 _946996 |
|
| 245 | 1 | 0 |
_aCuatro cuartetos / _cT.S. Eliot ; versión y notas de Vicente Gaos ; introducción de F.O. Matthiessen. |
| 260 |
_aBarcelona : _bBarral, _c1971. |
||
| 300 |
_a138 p. ; _c19 cm. |
||
| 700 | 0 |
_aGaos, Vicente, _d1919-1980 _953906 |
|
| 700 | 1 |
_aMatthiessen, F. O. _979145 |
|
| 852 |
_aES-MaACL _jC-39351 _bR.76984 |
||
| 999 |
_c59330 _d59330 |
||